000 00670nam a22002057a 4500
005 20251108171821.0
008 250721s1988 xx 000 0 ara d
082 1 4 _aط/612.2/ألن
100 1 _aألن، جون
245 1 0 _aالذوق و الشم /
264 1 _aعمان :
_bالمؤسسة العربية للدراسات و النشر،
_c1988.
300 _a31ص : مص
490 0 _aمكتبتي الأولى
650 1 7 _aالأنف
653 _aمرحلة ناشئون صغار(10-14)سنة
700 1 _aعويضه، محمود أحمد
_eترجمة
700 1 _aالمومني، حيدر عبد المجيد
942 _2ddc
_cBK
999 _c63342
_d63342